
Library Catalogue

| 000 -LEADER | |
|---|---|
| fixed length control field | 01217nam a2200217Ia 4500 |
| 003 - CONTROL NUMBER IDENTIFIER | |
| control field | OSt |
| 005 - DATE AND TIME OF LATEST TRANSACTION | |
| control field | 20211018131837.0 |
| 008 - FIXED-LENGTH DATA ELEMENTS--GENERAL INFORMATION | |
| fixed length control field | 160316s1999 xxu||||| |||| 00| 0 eng d |
| 020 ## - INTERNATIONAL STANDARD BOOK NUMBER | |
| International Standard Book Number | 9789041196897 |
| 040 ## - CATALOGING SOURCE | |
| Transcribing agency | n |
| 082 ## - DEWEY DECIMAL CLASSIFICATION NUMBER | |
| Classification number | 346.070000 |
| Item number | SOR |
| 100 ## - MAIN ENTRY--PERSONAL NAME | |
| Personal name | Sorensen Anker |
| 245 ## - TITLE STATEMENT | |
| Title | Directors liabilities in case of inoslvency |
| 260 ## - PUBLICATION, DISTRIBUTION, ETC. | |
| Place of publication, distribution, etc. | The Hague |
| Name of publisher, distributor, etc. | Kluwer Law International |
| Date of publication, distribution, etc. | 1999 |
| 300 ## - PHYSICAL DESCRIPTION | |
| Extent | 439p |
| Dimensions | xix |
| 365 ## - TRADE PRICE | |
| Price amount | Rs.7,059 |
| 505 ## - FORMATTED CONTENTS NOTE | |
| Formatted contents note | Contents<br/>Part I: Asia. 1. Japan<br/>H. Kojima. 2. Singapore<br/>A. Ali Bin Fakhruddin, J. Yap. Part II: Australasia. 3. Australia<br/>L. Vassiliou, J. Thynne, H. Condon. Part III: Europe. 4. Austria<br/>P. Luiki, M. Barnert. 5. Belgium<br/>F. Lefevre. 6. Denmark<br/>M. Serring. 7. England & Wales<br/>C. Hanson, P. Wilkinson. 8. Finland<br/>P. Jaatinen. 9. France<br/>A. Sorensen, J. Sandilands. 10. Germany<br/>H.-J. Freund. 11. Italy<br/>G. Barreca, A. Luca Mendicini. 12. Sweden<br/>E. Fura-Sandstrom. 13. Switzerland<br/>D.E. Tunik. Part IV: North America. 14. Canada<br/>J.A. Pinsky, P. Ross Bybelezer. 15. USA<br/>P.F. de Ravel d'Esclapon, D.M Grimes. |
| 650 ## - SUBJECT ADDED ENTRY--TOPICAL TERM | |
| Topical term or geographic name entry element | 1. Directors of Corporation - Legal Status - Laws 2. Bankrupcy3. Idemnity Against Liability |
| 700 ## - ADDED ENTRY--PERSONAL NAME | |
| Personal name | |
| -- | |
| 942 ## - ADDED ENTRY ELEMENTS (KOHA) | |
| Source of classification or shelving scheme | Dewey Decimal Classification |
| Koha item type | BOOKs |
| Withdrawn status | Lost status | Damaged status | Not for loan | Home library | Current library | Shelving location | Date acquired | Cost, normal purchase price | Total Checkouts | Full call number | Barcode | Date last seen | Price effective from | Koha item type |
|---|---|---|---|---|---|---|---|---|---|---|---|---|---|---|
| . | . | Library Compactors | 30.05.2017 | 7059.00 | 346.07 SOR | 18164 | 30.05.2017 | 30.05.2017 | BOOKs |